MODERN MACHINING PROCESSES (Record no. 28699)

000 -LEADER
fixed length control field 00343nam a2200133Ia 4500
008 - FIXED-LENGTH DATA ELEMENTS--GENERAL INFORMATION
fixed length control field 200615s9999||||xx |||||||||||||| ||und||
020 ## - INTERNATIONAL STANDARD BOOK NUMBER
International Standard Book Number 9780070965539
082 ## - DEWEY DECIMAL CLASSIFICATION NUMBER
Classification number 620
Item number MOD-M
100 ## - MAIN ENTRY--PERSONAL NAME
Personal name PANDEY,PC
245 #0 - TITLE STATEMENT
Title MODERN MACHINING PROCESSES
250 ## - EDITION STATEMENT
Edition statement 6TH
260 ## - PUBLICATION, DISTRIBUTION, ETC.
Place of publication, distribution, etc. new delhi
Name of publisher, distributor, etc. NEW DELHI : TATA MCGRAW-HILL, C1980.
Date of publication, distribution, etc. 2017
942 ## - ADDED ENTRY ELEMENTS (KOHA)
Koha item type Book
Holdings
Withdrawn status Lost status Damaged status Not for loan Collection code Permanent Location Current Location Date acquired Total Checkouts Barcode Date last seen Price effective from Koha item type
        School of Engineering Central Library, MUIT, Lucknow Central Library, MUIT, Lucknow 2020-06-15   SOE03733 2020-06-15 2020-06-15 Book

All Rights Reserved@MUIT

Powered by Koha